Incunables de la Biblioteca Universitaria
Descripción Física:
VI, 130 p. : il., facsims. ; 23 cm
MARC
| LEADER | 00000nam a2200000Ia 4500 | ||
|---|---|---|---|
| 001 | 13871 | ||
| 008 | 160829s1945 xx 000 0 cat d | ||
| 080 | |a A-2-139 | ||
| 100 | |a Universitat de Barcelona. Biblioteca |9 25543 | ||
| 245 | |a Incunables de la Biblioteca Universitaria | ||
| 260 | |a Barcelona : |b Universidad de Barcelona, Secretaría de Publicaciones, |c 1945 | ||
| 300 | |a VI, 130 p. : |b il., facsims. ; |c 23 cm | ||
| 650 | |a Universitat de Barcelona. Biblioteca |x Catàlegs |9 25544 | ||
| 650 | |a Incunables |x Catàlegs |9 25545 | ||
| 901 | |a Arxiu | ||
| 942 | |n 1 | ||
| 952 | |0 0 |1 0 |4 0 |6 A2139 |7 1 |9 43669 |a Arxiu |b Arxiu |d 2016-12-01 |l 0 |o A-2-139 |p 13871 |r 2016-12-01 00:00:00 |w 2016-12-01 |y ARXIU | ||
| 999 | |c 46217 |d 46217 | ||